Cine y homosexualidad /

Gardado en:
Detalles Bibliográficos
Autor Principal: Dyer, Richard (Author)
Outros autores: Fernandez, Lluis
Formato: Libro
Idioma:Lingua castelá
Publicado: Barcelona : Laertes, 1982
Tags: Engadir etiqueta
Sen Etiquetas, Sexa o primeiro en etiquetar este rexistro!

MARC

LEADER 00000nam a22000007i 4500
001 IT\ICCU\UBO\3252683
003 ItRI
005 20260115231843.0
008 070719s1982 sp |||||| ||||| |||||c
020 |a 8485346645 
040 |b ita  |c importazione bologna sebina 
041 7 |a spa  |2 ISO-639-2 
100 1 |a Dyer, Richard  |0 IT\ICCU\VEAV\016520  |4 aut 
240 1 0 |a Gays and film  |3 IT\ICCU\UBO\3252719 
245 1 0 |a Cine y homosexualidad /  |c Richard Dyer y otros ; prologo de Lluis Fernandez. 
260 |a Barcelona :  |b Laertes,  |c 1982 
300 |a 171 p. ;  |c 20 cm. 
700 1 |a Fernandez, Lluis  |0 IT\ICCU\UBOV\073147 
942 |2 ddc  |c BK  |n 0 
952 |0 0  |1 0  |4 0  |6 DOC_791_436000000000000_DYE  |7 0  |9 14342  |a BO  |b BO  |d 2026-01-15  |i 1223  |l 0  |o DOC 791.436 DYE  |p BO1223  |r 2026-01-15 23:18:43  |w 2026-01-15  |x [Sebina 7] [1 v.]  |y BK  |z 1 v. 
999 |c 12379  |d 12379